000 00267nam a2200121 4500
008 181126b xxu||||| |||| 00| 0 eng d
041 _aeng
080 _a043.3
100 _a0
101 _aBTH-ARK
245 _aProjektimi i Bibliotekës
_cIseni,V
942 _2ddc
_cBK
999 _c52500
_d52500